00487nam a2200181 a 4500001001300000003000900013005001700022008004100039020001000080082001600090245004400106260004200150300000900192500003500201505001000236650002200246710003700268nice12345678IN_TiNIC20260116011549.0050524s1939 oxfa grp 000 0 eng  ac10000a269.2bINT1 aEvangelism Vol.3 of the Tambaram Series aOxfordbOxford University Pressc1939 a450p aincludes index and biblioraphy2 aIndex aEvangelistic Work2 aInternational Missionary Council